LEADER 00902nam0-22002891i-450- 001 990000697940403321 005 20001010 035 $a000069794 035 $aFED01000069794 035 $a(Aleph)000069794FED01 035 $a000069794 100 $a20001010d--------km-y0itay50------ba 101 0 $aita 105 $ay-------001yy 200 1 $aDell' idea della Architettura universale. Parte 1. Libro 1.$ein cui si mostra l'origine, la nobiltà [...]$fVincenzoScamozzi. 205 $arepr.ed.orig. 210 $aRidgewood$cGregg Press$d1964. 215 $a[395] p., c.di tav.$d34 cm 700 1$aScamozzi,$bVincenzo$f<1552-1616>$010439 801 0$aIT$bUNINA$gRICA$2UNIMARC 901 $aBK 912 $a990000697940403321 952 $a01 ST 124$b1227$fDINST 959 $aDINST 996 $aDell' idea della Architettura universale. Parte 1. Libro 1$9325050 997 $aUNINA DB $aING01 LEADER 01650nam0 22003371i 450 001 UON00492172 005 20231205105336.879 010 $a88-7166-367-5 100 $a20190205d1998 |0itac50 ba 101 $aita 102 $aIT 105 $a|||| ||||| 200 1 $aˆLa ‰materia e la forma della Divina Commedia$ei mondi oltraterreni nelle letterature classiche e nelle medievali$fPio Rajna$gintroduzione, edizione e commento a cura di Claudia Di Fonzo$gpremessa di Francesco Mazzoni 210 $aFirenze$cLe lettere$d1998 215 $aCXXVI, 381 p., [4] c. di tav.$cill.$d24 cm. 316 $aDono Prof. Alberto Varvaro.$5IT-UONSI F. Varvaro0301 410 1$1001UON00176519$12001 $aQuaderni degli "Studi Danteschi"$1210 $aFirenze$cLe Lettere.$v12 606 $aAlighieri Dante$xDivina Commedia$xInflussi [della] Cultura classica$3UONC095183$2FI 606 $aDivina commedia$xStudi$3UONC082015$2FI 620 $aIT$dFirenze$3UONL000052 676 $a851.109$cPoesia italiana. Primo periodo, fino al 1375. Storia, descrizione, studi critici$v21 700 1$aRajna$bPio$3UONV233729$0179764 702 1$aDi Fonzo$bClaudia$3UONV240804 702 1$aMazzoni$bFrancesco$3UONV138616 712 $aLe Lettere$3UONV257487$4650 801 $aIT$bSOL$c20250613$gRICA 899 $aSIBA - SISTEMA BIBLIOTECARIO DI ATENEO$2UONSI 912 $aUON00492172 950 $aSIBA - SISTEMA BIBLIOTECARIO DI ATENEO$dSI F. Varvaro0301 $eSI 27556 7 Dono Prof. Alberto Varvaro. 996 $aMateria e la forma della Divina Commedia$9212898 997 $aUNIOR